| 000 | 00844nam a2200301 a 4500 | ||
|---|---|---|---|
| 003 | AR-BaBNM | ||
| 005 | 20251128204844.0 | ||
| 008 | 082120s2002 ||||||||||||||000 | spa|| | ||
| 020 | _a950-525-256-0 | ||
| 040 | _cAR-BaBNM | ||
| 100 | 1 | _aMuscará, Francisco | |
| 245 | 0 | 0 | _aLey Federal y agentes de la educación |
| 250 | _a1ª ed. | ||
| 260 |
_aBuenos Aires _bStella _c1994 |
||
| 300 | _a80 p. | ||
| 490 | 0 |
_aCuadernos pedagógicos _vv. 20 |
|
| 500 | _aContiene texto de la Ley Federal de Educación en Anexo p. 1-29 | ||
| 650 | 4 | _aESTADO Y EDUCACION | |
| 650 | 4 | _aFAMILIA | |
| 650 | 4 | _aPAPEL DE LA COMUNIDAD | |
| 650 | 4 | _aRELACION ESCUELA-COMUNIDAD | |
| 650 | 4 | _aPAPEL DE LA ESCUELA | |
| 650 | 4 | _aLIBERTAD DE ENSEÑANZA | |
| 650 | 4 | _aROL DEL DOCENTE | |
| 653 | _aLEGISLACION EDUCATIVA | ||
| 942 | _cBK | ||
| 998 | _cCarmen | ||
| 999 |
_c9060 _d9060 |
||